[Event "11th WUCC Women"]
[Site "Zuerich SUI"]
[Date "2010.09.10"]
[Round "8"]
[White "Kharashuta,E"]
[Black "Melekhina,A"]
[Result "1/2-1/2"]
[WhiteElo "2298"]
[BlackElo "2273"]
[EventDate "2010.09.05"]

1. Nf3 Nf6 2. g3 g6 3. b3 Bg7 4. Bb2 O-O 5. Bg2 c5 6. c4 Nc6 7. O-O d6 8.
d4 Bg4 9. d5 Nb8 10. h3 Bxf3 11. Bxf3 Qc7 12. Nc3 a6 13. Bg2 e5 14. dxe6
fxe6 15. Qd2 Nc6 16. Rad1 Rad8 17. e3 Ne7 18. e4 Nc6 19. Ne2 e5 20. f4 Bh6
21. g4 exf4 22. Nxf4 Ne5 23. Ne6 Qe7 24. Qxh6 Qxe6 25. Qg5 Nfd7 26. Rf2
Rxf2 27. Qxd8+ Rf8 28. Qc7 Nf3+ 29. Kh1 Nf6 30. Bxf3 Ne8 31. Qxb7 Rxf3 32.
Qd5 Qxd5 33. exd5 Rxh3+ 34. Kg2 Re3 35. Rd2 Ng7 36. Rf2 h5 37. Bc1 Re4 38.
Bf4 Ne8 39. Kf3 Re1 40. gxh5 gxh5 41. Rh2 Rf1+ 42. Kg3 Rg1+ 43. Kf2 Ra1 44.
Kf3 Rf1+ 45. Rf2 Rh1 46. Kg2 Re1 47. Kh3 Kg7 48. Bh2 Kg6 49. Rg2+ Kf7 50.
Kh4 Ng7 51. Kg5 Ke7 52. Kg6 Ne8 53. Rf2 h4 54. Bf4 Kd7 55. Bg5 h3 56. Rh2
Ra1 57. Rxh3 Rxa2 58. Rh7+ Kc8 59. Rh8 Re2 60. Rf8 Kd7 61. Rf7+ Kc8 62. Re7
Rxe7 63. Bxe7 Kd7 64. Bg5 Nc7 65. Kf7 a5 66. Bd2 Na6 67. Bxa5 Nb8 68. Kf6
Na6 69. Kf5 Nb8 70. Ke4 Kc8 71. Kd3 Nd7 72. Bc3 Nb8 73. Kc2 Nd7 74. Bg7 Nb6
75. Kb2 Kd7 76. Ka3 Kc7 77. Bc3 Kb7 78. Ba5 Nd7 79. Ka4 Ne5 80. Kb5 Nd3 81.
Bd2 Kc7 82. Ka6 Ne5 83. Ba5+ Kd7 84. Kb6 Nd3 85. Bd2 Nb2 86. Bf4 Nd3 87.
Be3 Ne5 88. Bxc5 dxc5 89. Kxc5 Nf7 90. b4 Nd6 91. Kd4 Nf5+ 92. Ke5 Ne3 93.
c5 Nc4+ 94. Kd4 Na3 95. Kd3 Nb5 96. Ke4 Na3 97. Ke5 Nc4+ 98. Kd4 Na3 99.
Ke4 Ke7 100. d6+ Ke6 101. Kd3 Kd7 102. Kc3 Kc6 103. Kb3 Nb5 104. Ka4 Nd4
105. Ka5 Nb3+ 106. Ka6 Nd4 107. Ka5 Nb3+ 108. Ka4 Nd4 109. Ka3 Nf3 110. b5+
Kd7 111. Kb4 Nd4 112. Ka5 Nb3+ 113. Kb6 Nd2 114. Kb7 Ne4 115. Kb6 Nc3 116.
Ka5 Ne4 117. Kb4 Nf6 118. Kc4 Ne4 119. Kd4 Nxd6 120. cxd6 Kxd6 121. Kc4 Kc7
122. Kc5 Kb7 123. b6 Kb8 124. Kc6 Kc8 125. b7+ Kb8 126. Kb6 1/2-1/2

[Event "11th WUCC Women"]
[Site "Zuerich SUI"]
[Date "2010.09.10"]
[Round "8"]
[White "Djukic,Sa"]
[Black "Cheremnova,T"]
[Result "0-1"]
[WhiteElo "2198"]
[BlackElo "2225"]
[EventDate "2010.09.05"]

1. d4 d5 2. c4 e6 3. Nc3 c6 4. Nf3 dxc4 5. a4 Bb4 6. e4 b5 7. Be2 Nf6 8.
Qc2 a6 9. O-O Bb7 10. e5 Nd5 11. Ne4 h6 12. Bd2 Be7 13. Rac1 Nd7 14. b3
cxb3 15. Qxb3 b4 16. Ne1 Qb6 17. Be3 a5 18. f4 g6 19. Nf3 Nxe3 20. Qxe3 Qa7
21. Nfd2 Nb6 22. Nc4 Nd5 23. Ned6+ Kf8 24. Qf2 Kg7 25. h3 Ba6 26. Nxa5 Bxd6
27. Nxc6 Qd7 28. exd6 Qxd6 29. Bb5 Nc3 30. Qb2 Bxb5 31. axb5 Ra2 32. Qxb4
Qd5 33. Rf2 Ne2+ 34. Kh2 Nxc1 35. Rxa2 Nxa2 36. Qb2 Ra8 37. Ne7 Qd6 38. d5+
f6 0-1

[Event "11th WUCC Women"]
[Site "Zuerich SUI"]
[Date "2010.09.10"]
[Round "8"]
[White "Garcia,Lir"]
[Black "Nakhbayeva,G"]
[Result "0-1"]
[WhiteElo "1908"]
[BlackElo "2216"]
[EventDate "2010.09.05"]

1. d4 d5 2. c4 c6 3. Nc3 Nf6 4. e3 a6 5. Qc2 b5 6. b3 Bg4 7. Bd3 e6 8. f3
Bh5 9. Nge2 Nbd7 10. O-O Be7 11. Bd2 O-O 12. Be1 bxc4 13. bxc4 dxc4 14.
Bxc4 c5 15. Bd3 Bg6 16. Bxg6 hxg6 17. Rb1 cxd4 18. exd4 Nb6 19. Qb3 Nfd5
20. Ne4 a5 21. Qb5 Bb4 22. a3 Bxe1 23. Rfxe1 Nc8 24. Rec1 Nd6 25. Qc6 Nf5
26. Rb7 Qh4 27. g3 Qh6 28. Rb3 Rab8 29. Rd3 Rb2 30. Rc2 Rb6 31. Qc5 Nfe3
32. Rcd2 Qh3 0-1

[Event "11th WUCC Women"]
[Site "Zuerich SUI"]
[Date "2010.09.10"]
[Round "8"]
[White "Salman,Ma"]
[Black "Davletbayeva,M"]
[Result "1-0"]
[WhiteElo "2001"]
[BlackElo "2163"]
[EventDate "2010.09.05"]

1. e4 Nf6 2. e5 Nd5 3. d4 d6 4. Nf3 g6 5. exd6 cxd6 6. Be2 Bg7 7. O-O O-O
8. c4 Nb6 9. Nc3 Bg4 10. Be3 Nc6 11. b3 e6 12. Rc1 d5 13. c5 Nc8 14. b4
Nxb4 15. Qb3 a5 16. a3 Nc6 17. Qxb7 N8e7 18. Rfd1 Rb8 19. Qa6 Bxf3 20. Bxf3
Rb3 21. Nb5 Qd7 22. Rb1 Rxb1 23. Rxb1 Nf5 24. Nd6 Nxd6 25. cxd6 Rd8 26. Rb7
Qxd6 27. Rb6 Rb8 28. Rxb8+ Qxb8 29. Qxc6 Bxd4 30. Qc2 Qe5 31. Bd2 Bb6 32.
g3 Qa1+ 33. Bc1 Qd4 34. Kg2 Qc5 35. Qxc5 Bxc5 36. a4 Bb4 37. Kf1 Kf8 38.
Ke2 Ke7 39. Bd2 Bxd2 40. Kxd2 Kd6 41. Kc3 Kc5 42. Be2 e5 43. Bb5 f6 44. Be8
e4 45. Bf7 g5 46. g4 h6 47. Be8 d4+ 48. Kb3 Kd5 49. Bb5 Ke5 50. Kc4 d3 51.
Kc3 Kf4 52. h3 f5 53. Bd7 fxg4 54. Bxg4 e3 55. fxe3+ Kxe3 56. Kc4 1-0

[Event "11th WUCC Women"]
[Site "Zuerich SUI"]
[Date "2010.09.10"]
[Round "8"]
[White "Hemmatizadeh,N"]
[Black "Hegarty,S"]
[Result "1/2-1/2"]
[WhiteElo "1891"]
[BlackElo "2084"]
[EventDate "2010.09.05"]

1. c4 Nf6 2. Nc3 d5 3. cxd5 Nxd5 4. Nf3 g6 5. g3 Bg7 6. Bg2 O-O 7. O-O Nc6
8. Qb3 Nb6 9. d3 Bg4 10. Qd1 e5 11. h3 Be6 12. Be3 h6 13. Qd2 Kh7 14. Ne4
Nd4 15. Kh2 Bd5 16. Bxd4 exd4 17. Qc2 Qe7 18. a3 Rfe8 19. Rfe1 f5 20. Ned2
Qf7 21. Qc5 Rad8 22. Rac1 Bc6 23. Qc2 Rd7 24. Nc4 Nc8 25. e3 dxe3 26. fxe3
Rde7 27. d4 Bxf3 28. Bxf3 b5 29. Ne5 Bxe5 30. dxe5 Rxe5 31. Qxc7 R5e7 32.
Qc5 Qb3 33. Qc3 Qxc3 34. Rxc3 Nd6 35. b3 Ne4 36. Bxe4 Rxe4 37. Kg2 R8e7 38.
Kf2 Kg7 39. Rd1 b4 40. axb4 Rxb4 41. Rd4 Rb5 42. Rd6 g5 43. Ra6 g4 44. h4
h5 45. Rac6 a5 46. R6c5 Reb7 47. Ke2 Kf7 48. Kd3 Rxc5 49. Rxc5 Rxb3+ 50.
Kd4 Rb4+ 51. Kc3 Ke6 52. Rxa5 Rb1 53. Kd3 Rb3+ 54. Ke2 Rb2+ 55. Kf1 Rb1+
56. Ke2 Rb2+ 57. Kf1 Rb3 58. Ke2 Rb2+ 59. Kf1 Rh2 60. Rb5 Rd2 61. Ra5 Rd5
62. Ra6+ Ke5 63. Ke2 Ke4 64. Re6+ Re5 65. Rd6 Rb5 66. Rd4+ Ke5 67. Rd2 Rb3
68. Ra2 Rb4 69. Kd3 Rb3+ 70. Ke2 Kd5 71. Ra5+ Ke4 72. Ra4+ Ke5 1/2-1/2

[Event "11th WUCC Women"]
[Site "Zuerich SUI"]
[Date "2010.09.10"]
[Round "8"]
[White "Alavi,H"]
[Black "Martinez,Jan"]
[Result "1-0"]
[WhiteElo "1953"]
[BlackElo "1949"]
[EventDate "2010.09.05"]

1. d4 Nf6 2. c4 c5 3. e3 g6 4. Nf3 Bg7 5. Nc3 O-O 6. Be2 cxd4 7. exd4 d5 8.
O-O Nc6 9. c5 b6 10. cxb6 axb6 11. Bf4 Bg4 12. h3 Bxf3 13. Bxf3 e6 14. Nb5
Ra5 15. a4 Ne8 16. Rc1 Qa8 17. b3 Qb7 18. Qd2 Rxb5 19. axb5 Nxd4 20. Bd1
Nxb5 21. b4 Ned6 22. Ba4 Ne4 23. Qd3 Nbc3 24. Bb3 d4 25. f3 e5 26. Bh2 Ng5
27. Rce1 e4 28. fxe4 Ngxe4 29. Rf4 Nd6 30. Rxd4 Bxd4+ 31. Qxd4 Ndb5 32. Qf6
Ne4 33. Rxe4 Qxe4 34. Be5 Qxe5 35. Qxe5 Na7 36. Qc7 Nc8 37. Bc4 b5 38. Bxb5
1-0

[Event "11th WUCC Women"]
[Site "Zuerich SUI"]
[Date "2010.09.10"]
[Round "8"]
[White "Naydenova,Yordanka"]
[Black "Hoolt,S"]
[Result "0-1"]
[WhiteElo "1788"]
[BlackElo "2251"]
[EventDate "2010.09.05"]

1. e4 c5 2. Nc3 Nc6 3. g3 g6 4. Bg2 Bg7 5. Nge2 d6 6. d3 e6 7. Be3 Nd4 8.
O-O Ne7 9. Rb1 O-O 10. Qd2 Nec6 11. a3 a5 12. Rfc1 Rb8 13. Bh6 b5 14. Bxg7
Kxg7 15. Nxd4 Nxd4 16. Ne2 Nxe2+ 17. Qxe2 e5 18. c3 Qb6 19. Qe3 b4 20. axb4
axb4 21. c4 Ra8 22. Ra1 Bd7 23. Qe1 Qb7 24. Rxa8 Rxa8 25. Ra1 Ra6 26. Bf3
Qa7 27. Rxa6 Qxa6 28. Qb1 Qa5 29. Bd1 h6 30. Kg2 Bc6 31. Bb3 f5 32. f3 Kf6
33. Qa2 Qxa2 34. Bxa2 Ba4 35. b3 Bd7 36. h3 h5 37. Bb1 h4 38. g4 Kg5 39.
Bc2 Kf4 40. Kf2 fxg4 41. fxg4 Bxg4 42. hxg4 Kxg4 43. Bd1+ Kf4 44. Be2 g5
45. Bf3 h3 46. Bh1 g4 47. Ke2 Kg3 48. Kf1 Kh2 49. Kf2 Kxh1 50. Kg3 Kg1 51.
Kxg4 h2 0-1

[Event "11th WUCC Women"]
[Site "Zuerich SUI"]
[Date "2010.09.10"]
[Round "8"]
[White "Heinatz,M"]
[Black "Lindiawati,E"]
[Result "1/2-1/2"]
[WhiteElo "1935"]
[BlackElo "2133"]
[EventDate "2010.09.05"]

1. e4 d5 2. exd5 Nf6 3. d4 Nxd5 4. c4 Nb6 5. Nc3 Nc6 6. Be3 Bf5 7. Nf3 e6
8. Be2 Be7 9. O-O Bf6 10. h3 O-O 11. Rc1 Qd7 12. Qd2 Rad8 13. Rfd1 Rfe8 14.
Nb5 a6 15. Nc3 h6 16. b3 Bg6 17. Bf1 Qe7 18. Qe1 Rd7 19. Bd3 Bxd3 20. Rxd3
Red8 21. Rcd1 e5 22. Ne4 exd4 23. Nxf6+ Qxf6 24. Bc1 Re7 25. Qd2 Ne5 26.
Ba3 Nxd3 27. Bxe7 Qxe7 28. Qxd3 1/2-1/2

[Event "11th WUCC Women"]
[Site "Zuerich SUI"]
[Date "2010.09.10"]
[Round "8"]
[White "Kadek,I"]
[Black "Liyanagedara,L"]
[Result "1-0"]
[WhiteElo "1889"]
[BlackElo "1844"]
[EventDate "2010.09.05"]

1. e4 d6 2. d4 Nf6 3. Nc3 g6 4. Nf3 Bg7 5. Bc4 O-O 6. O-O c6 7. Bb3 Bg4 8.
h3 Bxf3 9. Qxf3 e5 10. Be3 Nbd7 11. Rad1 Qe7 12. Rfe1 Rfd8 13. a3 Nb6 14.
Bg5 Nbd7 15. Qe3 a6 16. f4 Qe8 17. dxe5 dxe5 18. f5 Qf8 19. Qg3 Kh8 20.
fxg6 fxg6 21. Rf1 Qc5+ 22. Kh2 Rf8 23. Qh4 Ng8 24. Bf7 Rxf7 25. Rxf7 Nf8
26. Rxb7 Ne6 27. Be7 Nxe7 28. Qxe7 Qxe7 29. Rxe7 Nd4 30. Rf1 Bf8 31. Rc7
Nxc2 32. Rff7 h6 33. Rxc6 g5 34. Nd5 Nd4 35. Rcc7 Ne6 36. Rh7+ Kg8 37. Nf6+
1-0

[Event "11th WUCC Women"]
[Site "Zuerich SUI"]
[Date "2010.09.11"]
[Round "9"]
[White "Munguntuul,B"]
[Black "Sukandar,I"]
[Result "1-0"]
[WhiteElo "2412"]
[BlackElo "2372"]
[EventDate "2010.09.05"]

1. e4 e5 2. Nf3 Nc6 3. Bb5 a6 4. Ba4 Nf6 5. O-O Be7 6. Re1 b5 7. Bb3 O-O 8.
d4 d6 9. c3 Bg4 10. Be3 exd4 11. cxd4 d5 12. e5 Ne4 13. Nc3 Nxc3 14. bxc3
Qd7 15. Bc2 Bf5 16. h3 Na5 17. Bg5 Bxc2 18. Qxc2 Nc4 19. Re2 Rfe8 20. Bxe7
Qxe7 21. Rae1 a5 22. Qf5 Qe6 23. Qf4 h6 24. Nh4 Ra6 25. Qg3 b4 26. f4 bxc3
27. f5 Qb6 28. f6 Qxd4+ 29. Kh1 g5 30. Nf5 Qf4 31. Qd3 g4 32. Ne7+ 1-0

[Event "11th WUCC Women"]
[Site "Zuerich SUI"]
[Date "2010.09.11"]
[Round "9"]
[White "Drljevic,L"]
[Black "Tsereteli,T"]
[Result "1-0"]
[WhiteElo "2273"]
[BlackElo "2384"]
[EventDate "2010.09.05"]

1. e4 c5 2. Nf3 Nc6 3. d3 d6 4. g3 g6 5. Bg2 Bg7 6. O-O e6 7. c3 Nge7 8. d4
cxd4 9. cxd4 d5 10. e5 O-O 11. Nc3 Nf5 12. Bf4 h6 13. h4 b6 14. Re1 Qe7 15.
Rc1 Bb7 16. Qd2 Na5 17. b3 Ba6 18. Rc2 Rfc8 19. Rec1 Kh7 20. Bf1 Bxf1 21.
Kxf1 Qb4 22. Qd3 Ne7 23. Bd2 Nec6 24. Nxd5 Qf8 25. Nf4 Kg8 26. b4 Nxb4 27.
Rxc8 Rxc8 28. Rxc8 1-0

[Event "11th WUCC Women"]
[Site "Zuerich SUI"]
[Date "2010.09.11"]
[Round "9"]
[White "Guramishvili,S"]
[Black "Tuvshintugs,B"]
[Result "1-0"]
[WhiteElo "2343"]
[BlackElo "2333"]
[EventDate "2010.09.05"]

1. c4 Nf6 2. Nf3 e6 3. g3 b6 4. Bg2 Bb7 5. O-O Be7 6. Nc3 O-O 7. Re1 Ne4 8.
Nxe4 Bxe4 9. d3 Bb7 10. e4 d6 11. d4 Nd7 12. b3 e5 13. Bb2 Bf6 14. Qc2 Qe7
15. Rad1 Rfd8 16. Rd2 Bg5 17. Nxg5 Qxg5 18. d5 a5 19. a3 Rf8 20. Bc1 Qe7
21. f4 Ba6 22. Bh3 Rae8 23. Rf2 Bc8 24. Bg2 Ba6 25. Bd2 Nf6 26. fxe5 Ng4
27. exd6 Qxd6 28. Rfe2 Qxa3 29. Bc3 a4 30. Qb2 Qxb3 31. Qxb3 axb3 32. e5
Rd8 33. e6 Rfe8 34. e7 Rb8 35. Bh3 h5 36. Re4 Bc8 37. Rf4 g6 38. Bb4 Bf5
39. Re2 Ra8 40. Rb2 Ra1+ 41. Rf1 Rxf1+ 42. Bxf1 Bc2 43. c5 bxc5 44. Bxc5 f6
45. Bc4 Ne5 46. d6+ Kg7 47. Bb5 c6 48. d7 Nxd7 49. Bxc6 Nxc5 50. Bxe8 Nd3
51. Bb5 Nxb2 52. e8=Q Nd1 53. Qd7+ Kh6 54. Bd3 1-0

[Event "11th WUCC Women"]
[Site "Zuerich SUI"]
[Date "2010.09.11"]
[Round "9"]
[White "Fuchs,Ju"]
[Black "Borosova,Z"]
[Result "1-0"]
[WhiteElo "2237"]
[BlackElo "2277"]
[EventDate "2010.09.05"]

1. e4 c6 2. d4 d5 3. exd5 cxd5 4. c4 Nf6 5. Nc3 Nc6 6. Bg5 dxc4 7. Bxc4
Qxd4 8. Qxd4 Nxd4 9. O-O-O e5 10. f4 Bg4 11. Nf3 Bxf3 12. gxf3 Rc8 13. fxe5
Rxc4 14. exf6 Ne6 15. Rhe1 Rc8 16. Kb1 h6 17. Bh4 g5 18. Bf2 a6 19. Nd5 Bc5
20. Bxc5 Rxc5 21. Ne7 h5 22. b4 Rc4 23. a3 g4 24. Re5 gxf3 25. Nf5 O-O 26.
Ne7+ 1-0

[Event "11th WUCC Women"]
[Site "Zuerich SUI"]
[Date "2010.09.11"]
[Round "9"]
[White "Cheremnova,T"]
[Black "Zhang Ying"]
[Result "1-0"]
[WhiteElo "2225"]
[BlackElo "2210"]
[EventDate "2010.09.05"]

1. d4 Nf6 2. c4 c5 3. d5 e6 4. Nc3 exd5 5. cxd5 d6 6. e4 g6 7. f3 Bg7 8.
Nge2 O-O 9. Ng3 Nbd7 10. Be2 a6 11. a4 Qc7 12. a5 c4 13. Be3 Nc5 14. Ra2
Bd7 15. O-O Bb5 16. Qe1 Rfc8 17. Qf2 Nd3 18. Bxd3 cxd3 19. Ra3 Qc4 20. Rd1
Nd7 21. f4 Nc5 22. Rf1 Qb4 23. e5 Nb3 24. Nge4 d2 25. Nxb5 axb5 26. Nxd2
Nxd2 27. Bxd2 Qxb2 28. Rd3 Rd8 29. Qf3 b4 30. Be3 Qc2 31. Bb6 Rd7 32. e6
fxe6 33. dxe6 Re7 34. Rxd6 b3 35. Qd5 b2 36. Qb5 Qc1 37. Rdd1 Qc2 38. Qd5
Rae8 39. Rf2 b1=Q 40. Rxc2 Qxc2 41. Re1 Qc8 42. g4 Qc6 43. Qxc6 bxc6 44. f5
gxf5 45. gxf5 Rb7 46. Rc1 Rc8 47. Kg2 Be5 48. Kf3 Kg7 49. Ke4 Kf6 50. Rd1
Rxb6 51. axb6 Rb8 52. Rd7 Bxh2 53. Rxh7 Bd6 54. Rf7+ Kg5 55. Rg7+ Kf6 56.
Rf7+ Kg5 57. b7 c5 58. Kd5 Bf8 59. e7 Bxe7 60. Rxe7 Kxf5 61. Kxc5 Kf6 62.
Rc7 Ke6 63. Kc6 1-0

[Event "11th WUCC Women"]
[Site "Zuerich SUI"]
[Date "2010.09.11"]
[Round "9"]
[White "Severiukhina,Z"]
[Black "Salman,Ma"]
[Result "1-0"]
[WhiteElo "2313"]
[BlackElo "2001"]
[EventDate "2010.09.05"]

1. e4 c5 2. Nf3 d6 3. d4 cxd4 4. Nxd4 Nf6 5. Nc3 a6 6. Bg5 Nbd7 7. f3 b5 8.
Qd2 Bb7 9. O-O-O e6 10. Kb1 Be7 11. h4 Rc8 12. Bd3 Ne5 13. Rhe1 O-O 14. g4
Nc4 15. Bxc4 Rxc4 16. Nb3 b4 17. Ne2 Qc7 18. Rc1 Rc8 19. Ng3 a5 20. h5 a4
21. Nd4 Qc5 22. Be3 Qe5 23. Qf2 d5 24. g5 Nxe4 25. fxe4 Bxg5 26. Bxg5 Qxg5
27. Rf1 Qe7 28. e5 b3 29. axb3 axb3 30. cxb3 Rxc1+ 31. Rxc1 Rxc1+ 32. Kxc1
Qg5+ 33. Kc2 Qxe5 34. b4 Qd6 35. Kb3 h6 36. b5 e5 37. Ndf5 Qe6 38. Qc5 d4+
39. Kb4 d3 40. Kc3 e4 41. Qd4 Qc8+ 42. Kb3 Qc2+ 43. Ka3 f6 44. Qd8+ Kh7 45.
Qe7 1-0

[Event "11th WUCC Women"]
[Site "Zuerich SUI"]
[Date "2010.09.11"]
[Round "9"]
[White "Melekhina,A"]
[Black "Alavi,H"]
[Result "1-0"]
[WhiteElo "2273"]
[BlackElo "1953"]
[EventDate "2010.09.05"]

1. e4 c6 2. d3 d5 3. Nd2 e5 4. Ngf3 Bd6 5. d4 exd4 6. exd5 cxd5 7. Nxd4 Ne7
8. Bd3 O-O 9. O-O Nd7 10. N2f3 Nf6 11. Re1 Bg4 12. h3 Bh5 13. Bg5 Nc6 14.
Nf5 Bc5 15. c3 Qb6 16. Qc2 Bxf3 17. gxf3 Nh5 18. b4 Nxb4 19. cxb4 Bxb4 20.
Rab1 Qa5 21. Ne7+ Kh8 22. Re5 Bxe7 23. Bxe7 Rfc8 24. Qb2 Nf4 25. Bf5 Rc6
26. Qxb7 Rac8 27. Bxc8 Rg6+ 28. Bg4 h5 29. Qc8+ Kh7 30. Rb8 Rxg4+ 31. hxg4
Qd2 32. Qh8+ 1-0

[Event "11th WUCC Women"]
[Site "Zuerich SUI"]
[Date "2010.09.11"]
[Round "9"]
[White "Nakhbayeva,G"]
[Black "Seps,M"]
[Result "1-0"]
[WhiteElo "2216"]
[BlackElo "2184"]
[EventDate "2010.09.05"]

1. d4 Nf6 2. c4 d6 3. Nc3 g6 4. e4 Bg7 5. h3 O-O 6. Bg5 Na6 7. Bd3 e5 8. d5
Qe8 9. Nge2 Nd7 10. O-O f5 11. exf5 gxf5 12. f4 e4 13. Bb1 Nb6 14. b3 Qh5
15. Qe1 Bd7 16. a4 Rae8 17. Kh2 Nc8 18. a5 Nc5 19. Ra3 Nd3 20. Qh4 Qg6 21.
Qg3 h6 22. Bh4 Qh5 23. Nc1 Nb4 24. Qe1 Nd3 25. Qg3 Kh7 26. Nxd3 exd3 27.
Nb5 Rg8 28. Nxc7 Re2 29. Bxd3 Rd2 30. Rf2 Rxd3 31. Qxd3 Qxh4 32. Re2 Qxf4+
33. g3 Qc1 34. b4 Be5 35. Rg2 Kh8 36. Rg1 Qb2+ 37. Rg2 Qxb4 38. Qe3 Kh7 39.
Rb3 Qxc4 40. Rxb7 f4 41. Qe1 fxg3+ 42. Kg1 Kh8 43. Ne6 Bxe6 44. dxe6 Qxe6
45. Qe4 Qg6 46. Qxg6 Rxg6 47. Rc2 Bd4+ 48. Kg2 Rg8 49. Rcc7 Bg7 50. h4 h5
51. Kxg3 Kh7 52. Kf4 Kg6 53. Ke4 Bf6 54. Rb8 Re8+ 55. Kf3 Re5 56. Rcxc8
Rxa5 57. Rb1 Kf5 58. Rc4 a6 59. Rf4+ Ke6 60. Rb6 Ra3+ 61. Ke2 1-0

[Event "11th WUCC Women"]
[Site "Zuerich SUI"]
[Date "2010.09.11"]
[Round "9"]
[White "Hegarty,S"]
[Black "Garcia,Lir"]
[Result "0-1"]
[WhiteElo "2084"]
[BlackElo "1908"]
[EventDate "2010.09.05"]

1. e4 c6 2. d4 d5 3. f3 g6 4. Be3 Qb6 5. Qc1 Bg7 6. Ne2 e6 7. Nbc3 Ne7 8.
h4 h5 9. b3 Nd7 10. Qd2 a5 11. Nf4 Qc7 12. e5 b5 13. a3 Ba6 14. Bd3 Nf5 15.
Bxf5 gxf5 16. Nce2 c5 17. c3 a4 18. bxa4 Nb6 19. axb5 Bxb5 20. Ng3 Nc4 21.
Qc1 Nxe3 22. Qxe3 Bf8 23. Ngxh5 Be7 24. Nf6+ Kf8 25. Rb1 cxd4 26. Qxd4 Bc5
27. N4xd5 exd5 28. Qf4 Bd3 29. Rd1 Bc4 30. Qxf5 Qe7 31. h5 Bxa3 32. Ra1 Rd8
33. e6 Bb2 34. Nd7+ Ke8 35. Qe5 Rh6 36. exf7+ Kxf7 37. Kf2 Bxa1 38. Qf5+
Ke8 39. Re1 Qxe1+ 40. Kxe1 Bxc3+ 41. Kf2 Rxd7 42. g4 Rf6 43. Qc2 Bd4+ 44.
Kg2 Rdf7 45. g5 Rxf3 46. Qa4+ Kf8 47. Qb4+ Kg7 48. h6+ Kg6 49. h7 Rf2+ 50.
Kg3 Be5+ 51. Kh3 Rxh7+ 0-1

[Event "11th WUCC Women"]
[Site "Zuerich SUI"]
[Date "2010.09.11"]
[Round "9"]
[White "Davletbayeva,M"]
[Black "Hemmatizadeh,N"]
[Result "1-0"]
[WhiteElo "2163"]
[BlackElo "1891"]
[EventDate "2010.09.05"]

1. e4 c5 2. Nf3 Nc6 3. c3 Nf6 4. e5 Nd5 5. d4 cxd4 6. cxd4 d6 7. Nc3 Nxc3
8. bxc3 dxe5 9. d5 e4 10. Ng5 Ne5 11. Qa4+ Bd7 12. Qxe4 Qc7 13. c4 h6 14.
Nf3 Nxf3+ 15. gxf3 Qd6 16. Bf4 Qb4+ 17. Bd2 Qd6 18. Bd3 g6 19. Bc3 Rg8 20.
Qe3 h5 21. Rb1 b6 22. O-O Bg7 23. Bb4 Qe5 24. Qxe5 Bxe5 25. Rfe1 Bf6 26. c5
a5 27. Ba3 bxc5 28. Bxc5 Rc8 29. Ba3 g5 30. Rb7 g4 31. f4 Ra8 32. Bxe7 Bxe7
33. d6 Kd8 34. dxe7+ Kc8 35. Rxd7 Kxd7 36. Bb5+ Kd6 37. e8=Q Raxe8 38. Rxe8
Rg6 39. a4 Rf6 40. Ra8 Rxf4 41. Rxa5 h4 42. Kg2 Rf3 43. Be2 h3+ 44. Kg1 Ra3
45. f3 gxf3 46. Bf1 Kc6 47. Rf5 Kd6 48. a5 Ke7 49. a6 f6 50. Kf2 Ra2+ 51.
Kg3 Ra1 52. Rxf3 1-0

[Event "11th WUCC Women"]
[Site "Zuerich SUI"]
[Date "2010.09.11"]
[Round "9"]
[White "Van Nies,P"]
[Black "Djukic,Sa"]
[Result "1/2-1/2"]
[WhiteElo "2167"]
[BlackElo "2198"]
[EventDate "2010.09.05"]

1. e4 c5 2. Nf3 Nc6 3. d4 cxd4 4. Nxd4 Qc7 5. Nc3 e6 6. f4 a6 7. Be3 Be7 8.
Be2 d6 9. O-O Nf6 10. Kh1 Bd7 11. Qe1 h6 12. Qg3 1/2-1/2

[Event "11th WUCC Women"]
[Site "Zuerich SUI"]
[Date "2010.09.11"]
[Round "9"]
[White "Lindiawati,E"]
[Black "Naydenova,Yordanka"]
[Result "1-0"]
[WhiteElo "2133"]
[BlackElo "1788"]
[EventDate "2010.09.05"]

1. e4 e5 2. Nf3 Nc6 3. d4 exd4 4. Bc4 Nf6 5. O-O Be7 6. Nxd4 Nxe4 7. Nf5 g6
8. Qd5 O-O 9. Nh6+ Kg7 10. Nxf7 Qe8 11. Bh6+ 1-0

[Event "11th WUCC Women"]
[Site "Zuerich SUI"]
[Date "2010.09.11"]
[Round "9"]
[White "Martinez,Jan"]
[Black "Rajapaksha,A"]
[Result "1/2-1/2"]
[WhiteElo "1949"]
[BlackElo "1790"]
[EventDate "2010.09.05"]

1. d4 d5 2. Nf3 Nf6 3. Bg5 e6 4. e3 Nbd7 5. Bd3 c5 6. O-O Be7 7. c4 O-O 8.
Nc3 h6 9. Bh4 dxc4 10. Bxc4 cxd4 11. Nxd4 Ne5 12. Bb3 Ng6 13. Bg3 Qa5 14.
Qf3 Ne5 15. Bxe5 Qxe5 16. Qg3 Qxg3 17. hxg3 Bd7 18. Rac1 a6 19. Rfd1 Rfd8
20. Rc2 Bc8 21. Rcd2 Bd7 22. Nf3 Be8 23. Ne5 Rxd2 24. Rxd2 Rd8 25. Rc2 Nd7
26. Nxd7 Bxd7 27. Ne2 Bf6 28. f3 Bc6 29. Kf2 Rd1 30. Nf4 Kf8 31. Bc4 Ke7
32. Nh5 Be5 33. Nf4 Bf6 34. b3 g6 35. a4 Rd8 36. Bxa6 Bxf3 37. gxf3 bxa6
38. Rc6 Rd6 39. Rc4 e5 40. Ne2 Ke6 41. e4 Rb6 42. Nc1 Bg5 43. Nd3 Be7 44.
b4 f5 45. Ke3 g5 46. a5 f4+ 47. Kf2 Rd6 48. Nc5+ Kf7 49. Nb3 Rd3 50. Nc5
Bxc5+ 51. bxc5 Ke7 52. c6 Kd8 53. c7+ Kc8 54. g4 Rd7 55. Rc6 Rxc7 56. Rxa6
Rc5 57. Rxh6 Rxa5 58. Rg6 Ra2+ 59. Ke1 Ra1+ 60. Kd2 Ra2+ 61. Kc3 Ra3+ 62.
Kc4 Rxf3 63. Rxg5 Rg3 64. Rxe5 Rxg4 65. Kd5 f3 66. Rf5 Rg3 67. Rf7 Kd8 68.
e5 Ke8 69. Rf4 Ke7 70. Ke4 Ke6 71. Rf6+ Ke7 72. Rxf3 Rxf3 73. Kxf3 Ke6 74.
Ke4 Ke7 75. Kf5 Kf7 76. Ke4 Ke6 77. Kd4 Ke7 78. Kd5 Kd7 79. e6+ Ke7 80. Ke5
Ke8 81. Kd5 Ke7 82. Ke5 Ke8 83. Kd6 Kd8 84. e7+ Ke8 85. Ke6 1/2-1/2

[Event "11th WUCC Women"]
[Site "Zuerich SUI"]
[Date "2010.09.11"]
[Round "9"]
[White "Ferreira,Ana"]
[Black "Dale,H"]
[Result "1/2-1/2"]
[WhiteElo "1816"]
[BlackElo "1779"]
[EventDate "2010.09.05"]

1. e4 e6 2. d4 d5 3. exd5 exd5 4. Nf3 Nf6 5. Bd3 Nc6 6. O-O Bg4 7. c3 Be7
8. Bg5 O-O 9. Nbd2 h6 10. Bh4 Re8 11. Qc2 Nh5 1/2-1/2